[Event "Landsturneringen NM i sjakk 2013"]
[Site "Radisson Blu Lillehammer Hotel"]
[Date "2013.06.29"]
[Round "5"]
[White "Bråtveit, Kristoffer"]
[Black "Sivaranjan, Pradheeban"]
[Result "1-0"]
[WhiteElo "1482"]
[BlackElo "1013"]
[PlyCount "120"]
[EventDate "2013.??.??"]

1. e4 e5 2. Nf3 Nc6 3. Bc4 Nf6 4. d3 h6 5. O-O Bc5 6. Nc3 O-O 7. h3 d6 8. Nh2
Be6 9. Nd5 a6 10. Ng4 Nxg4 11. hxg4 b5 12. Bb3 Qc8 13. g5 hxg5 14. Bxg5 Bxd5
15. Bxd5 Nd8 16. Bxa8 Qxa8 17. g3 Qc8 18. Kg2 f6 19. Bd2 Kf7 20. Qh5+ Ke7 21.
Rh1 Nf7 22. Qg6 Rg8 23. Rh7 Qf8 24. a4 b4 25. b3 Bd4 26. Rah1 a5 27. R1h4 Ng5
28. Bxg5 fxg5 29. Qxg5+ Kd7 30. Qf5+ Qxf5 31. exf5 Kc6 32. Rg4 Rf8 33. Rgxg7
Rxf5 34. Rxc7+ Kd5 35. Rcf7 Rg5 36. Rb7 Rf5 37. Rhf7 Rg5 38. Rb5+ Ke6 39. Rf3
Rg4 40. Rxa5 e4 41. dxe4 Rxe4 42. Rf4 Rxf4 43. gxf4 Bc3 44. Rb5 Kd7 45. f5 Kc6
46. Kf3 d5 47. Ra5 Bg7 48. Ra6+ Kb7 49. Rg6 Bf8 50. f6 Kc7 51. f7 Kd7 52. Rg8
Ke7 53. Rxf8 Kxf8 54. a5 Kxf7 55. a6 Ke6 56. a7 Kd6 57. a8=Q Ke6 58. Qc6+ Ke5
59. Ke3 d4+ 60. Kf3 Kf5 1-0

[Event "Landsturneringen NM i sjakk 2013"]
[Site "Radisson Blu Lillehammer Hotel"]
[Date "2013.06.29"]
[Round "5"]
[White "Forså, Regine"]
[Black "Øieroset, Henrik"]
[Result "1/2-1/2"]
[WhiteElo "1183"]
[BlackElo "1051"]
[PlyCount "38"]
[EventDate "2013.??.??"]

1. c4 Nf6 2. Nc3 g6 3. g3 Nc6 4. Bg2 b6 5. e3 Rb8 6. d4 e6 7. Nge2 d5 8. O-O
Ba6 9. b3 Qd7 10. cxd5 Nxd5 11. Nxd5 exd5 12. a3 Bg7 13. Bb2 O-O 14. Re1 Ne7
15. Qc2 Rbc8 16. b4 Bc4 17. Rad1 Bb5 18. Nc3 Bc4 19. Ne2 Bb5 1/2-1/2

[Event "Landsturneringen NM i sjakk 2013"]
[Site "Radisson Blu Lillehammer Hotel"]
[Date "2013.06.29"]
[Round "5"]
[White "Jarve, Edvin"]
[Black "Kawany, Jinwar Amir"]
[Result "1-0"]
[WhiteElo "1443"]
[BlackElo "681"]
[PlyCount "81"]
[EventDate "2013.??.??"]

1. d4 d5 2. c4 c6 3. Nc3 Bf5 4. Bf4 e6 5. e3 g5 6. Bg3 Bh6 7. Qb3 b6 8. Nf3 Ne7
9. Be2 Nd7 10. Rc1 Rc8 11. O-O f6 12. cxd5 Nxd5 13. Nxd5 exd5 14. Qa4 b5 15.
Qa3 a5 16. Qb3 a4 17. Qb4 g4 18. Nd2 Bf8 19. Bd6 c5 20. dxc5 Bxd6 21. cxd6 h5
22. e4 dxe4 23. Nxe4 O-O 24. Ng3 Be6 25. Nxh5 Rxc1 26. Rxc1 Qb6 27. Bxg4 Bxg4
28. Qxg4+ Kf7 29. Qxd7+ Kg6 30. Qg7+ Kxh5 31. Qxf8 Qd4 32. Qf7+ Kh6 33. d7 Qxb2
34. Rf1 b4 35. d8=Q Kg5 36. Qdd5+ Kf4 37. Qc7+ Qe5 38. Qdxe5+ fxe5 39. Re1 b3
40. Qxe5+ Kg4 41. Re4# 1-0

[Event "Landsturneringen NM i sjakk 2013"]
[Site "Radisson Blu Lillehammer Hotel"]
[Date "2013.06.29"]
[Round "6"]
[White "Tryggestad, Andreas G"]
[Black "Risting, Eivind Olav"]
[Result "0-1"]
[WhiteElo "1611"]
[BlackElo "1570"]
[PlyCount "82"]
[EventDate "2013.??.??"]

1. e4 e6 2. d4 d5 3. Nc3 Bb4 4. e5 c5 5. Bd2 Bxc3 6. bxc3 Ne7 7. Qg4 O-O 8. Bd3
Ng6 9. h4 f5 10. Qg3 Qe8 11. h5 Ne7 12. dxc5 Nd7 13. Bb5 Nc6 14. Bxc6 bxc6 15.
Be3 Qe7 16. Qf4 Rb8 17. Nf3 Nxc5 18. O-O Ne4 19. Nd4 Qc7 20. Bd2 Bd7 21. f3
Nxd2 22. Qxd2 Qxe5 23. f4 Qd6 24. Rfe1 Rf6 25. Qe2 Qxf4 26. Qa6 Qc7 27. Rab1
Rb6 28. Qa3 e5 29. Nf3 e4 30. Ng5 h6 31. Nh3 f4 32. Rxb6 axb6 33. Qe7 Rf7 34.
Qh4 Bxh3 35. Qxh3 Qd7 36. Qh4 Qe7 37. Qh3 Qg5 38. Qc8+ Kh7 39. Kf2 Qg3+ 40. Ke2
Qxg2+ 41. Kd1 f3 0-1

[Event "Landsturneringen NM i sjakk 2013"]
[Site "Radisson Blu Lillehammer Hotel"]
[Date "2013.06.29"]
[Round "6"]
[White "Huse, Sigurd Kjelsbøl"]
[Black "Berntsen-Øybø, August"]
[Result "1/2-1/2"]
[WhiteElo "1127"]
[BlackElo "1303"]
[PlyCount "64"]
[EventDate "2013.??.??"]

1. e4 c5 2. Nf3 Nc6 3. Bb5 d6 4. O-O Bd7 5. d3 g6 6. Nc3 Bg7 7. Bg5 Nf6 8. Qd2
O-O 9. Bh6 Rc8 10. Rab1 a6 11. Bxc6 Bxc6 12. Bxg7 Kxg7 13. e5 Ng4 14. exd6 Qxd6
15. Ne4 Bxe4 16. dxe4 Qe6 17. a3 Rfd8 18. Qc3+ Kg8 19. h3 Nf6 20. e5 Nd5 21.
Qb3 b5 22. Qd3 Nf4 23. Qe4 Nh5 24. Ng5 Qd5 25. Rbd1 Qxe4 26. Nxe4 c4 27. g3 Ng7
28. f4 Ne6 29. c3 g5 30. Kf2 Kg7 31. Ke3 f5 32. exf6+ exf6 1/2-1/2

[Event "Landsturneringen NM i sjakk 2013"]
[Site "Radisson Blu Lillehammer Hotel"]
[Date "2013.06.29"]
[Round "6"]
[White "Skjølingstad, Sverre"]
[Black "Garcia, Megan Alyssa"]
[Result "1-0"]
[WhiteElo "880"]
[BlackElo "1300"]
[PlyCount "113"]
[EventDate "2013.??.??"]

1. e4 e5 2. Nf3 Nc6 3. d4 exd4 4. Nxd4 Bc5 5. Be3 Qf6 6. c3 Nge7 7. Bc4 b6 8.
O-O Bb7 9. Nb5 Bd6 10. Nxd6+ cxd6 11. Na3 O-O 12. Nb5 Na5 13. Nxd6 Nxc4 14.
Nxb7 Qc6 15. Bf4 Qxb7 16. Qd4 Na5 17. Qb4 Ng6 18. Bd6 Rfe8 19. f3 Rac8 20. Rad1
Nc4 21. Rd3 Qc6 22. b3 Nxd6 23. Rxd6 Qc7 24. Rfd1 Rcd8 25. g3 Re7 26. Rxg6 Qc5+
27. Qxc5 bxc5 28. Ra6 f5 29. Rxa7 fxe4 30. fxe4 Rxe4 31. Rdxd7 Rxd7 32. Rxd7
Re3 33. c4 Re2 34. a4 Rb2 35. Rb7 Rb1+ 36. Kg2 Rb2+ 37. Kh3 h6 38. a5 Ra2 39.
Rb5 Ra3 40. a6 Rxa6 41. Rxc5 Rb6 42. Rb5 Rc6 43. c5 Kf7 44. b4 Rc7 45. Rb6 Ke7
46. c6 Kd6 47. b5 g6 48. Rb7 Rxb7 49. cxb7 Kc7 50. Kg4 Kxb7 51. h4 Kb6 52. h5
gxh5+ 53. Kxh5 Kxb5 54. Kxh6 Kc6 55. g4 Kd6 56. g5 Ke7 57. Kh7 1-0

[Event "Landsturneringen NM i sjakk 2013"]
[Site "Radisson Blu Lillehammer Hotel"]
[Date "2013.06.29"]
[Round "6"]
[White "Jacobsen, Elise Sjøttem"]
[Black "Enersen, Eirik S"]
[Result "0-1"]
[WhiteElo "1419"]
[BlackElo "958"]
[PlyCount "76"]
[EventDate "2013.??.??"]

1. e4 e6 2. d4 d5 3. Nc3 Nf6 4. e5 Nfd7 5. f4 c5 6. Nf3 Nc6 7. Be3 a6 8. Be2 h6
9. O-O Be7 10. Qd2 c4 11. f5 Nb6 12. fxe6 Bxe6 13. Nd1 Qd7 14. b3 O-O-O 15. Nf2
Kb8 16. c3 Ka7 17. b4 f6 18. exf6 Bxf6 19. a4 a5 20. Rfb1 Nc8 21. Qb2 Bf5 22.
Re1 Rhe8 23. Bd2 Be4 24. Bf4 Bxf3 25. Bxf3 Rxe1+ 26. Rxe1 Re8 27. Rd1 Re7 28.
b5 Nd8 29. Ng4 Bh4 30. g3 Bg5 31. Bxg5 hxg5 32. Ne5 Qe8 33. Bxd5 Nb6 34. Bg2
Nf7 35. Nxf7 Re1+ 36. Rxe1 Qxe1+ 37. Bf1 Nxa4 38. Qa2 Qxc3 0-1

[Event "Landsturneringen NM i sjakk 2013"]
[Site "Radisson Blu Lillehammer Hotel"]
[Date "2013.06.29"]
[Round "6"]
[White "Lorem, Helene"]
[Black "Nordquelle, Daniel"]
[Result "0-1"]
[WhiteElo "956"]
[BlackElo "1121"]
[PlyCount "74"]
[EventDate "2013.??.??"]

1. d4 d5 2. c4 c6 3. Nc3 Nf6 4. Nf3 dxc4 5. e4 b5 6. d5 cxd5 7. exd5 b4 8. Nb5
a6 9. Nbd4 Qxd5 10. Qa4+ Bd7 11. Qxb4 e5 12. Qxc4 Qxc4 13. Bxc4 exd4 14. Nxd4
Bc5 15. Nb3 Bb4+ 16. Bd2 Bxd2+ 17. Nxd2 Bb5 18. O-O O-O 19. Bxb5 axb5 20. b3
Nc6 21. Nf3 Nb4 22. Nd4 Rfb8 23. a3 Nbd5 24. a4 bxa4 25. bxa4 Rb4 26. Nc2 Rbxa4
27. Rfb1 Rxa1 28. Nxa1 g6 29. h3 Nc3 30. Re1 h5 31. Kh2 Ra2 32. Rc1 Nce4 33. f3
Ng5 34. Kg3 h4+ 35. Kxh4 Rxg2 36. Rc3 Nxf3+ 37. Rxf3 g5#
0-1

[Event "Landsturneringen NM i sjakk 2013"]
[Site "Radisson Blu Lillehammer Hotel"]
[Date "2013.06.29"]
[Round "6"]
[White "Bø, Torgeir H"]
[Black "Næss, Sara"]
[Result "0-1"]
[WhiteElo "943"]
[BlackElo "1371"]
[PlyCount "42"]
[EventDate "2013.??.??"]

1. e4 c5 2. f4 d5 3. exd5 Nf6 4. d4 cxd4 5. c4 dxc3 6. Nxc3 e6 7. Bc4 exd5 8.
Nxd5 Be6 9. Nxf6+ Qxf6 10. Bxe6 Qxe6+ 11. Ne2 Nc6 12. O-O Bc5+ 13. Kh1 O-O 14.
f5 Qf6 15. Ng3 Qd6 16. Qg4 Ne5 17. Qg5 f6 18. Qh5 Qd4 19. Bf4 Nd3 20. Rad1 Qg1+
21. Rxg1 Nf2#
0-1

[Event "Landsturneringen NM i sjakk 2013"]
[Site "Radisson Blu Lillehammer Hotel"]
[Date "2013.06.29"]
[Round "6"]
[White "Øieroset, Henrik"]
[Black "Skaslien, Maria"]
[Result "1-0"]
[WhiteElo "1051"]
[BlackElo "883"]
[PlyCount "117"]
[EventDate "2013.??.??"]

1. d4 d5 2. c4 c6 3. Nc3 Nf6 4. Nf3 Bf5 5. Qb3 Qb6 6. Qxb6 axb6 7. cxd5 cxd5 8.
e3 e6 9. Bb5+ Nbd7 10. Ne5 Bb4 11. O-O Bxc3 12. bxc3 Ra5 13. a4 Ke7 14. Ba3+
Ke8 15. Bb4 Ra8 16. Rac1 Bg6 17. c4 Kd8 18. Nxd7 Nxd7 19. cxd5 exd5 20. Rc3 Rc8
21. Rfc1 Rxc3 22. Rxc3 f5 23. a5 Be8 24. Bd3 Rf8 25. Bxf8 Nxf8 26. axb6 g6 27.
f3 Bc6 28. Kf2 Nd7 29. Rb3 Nf6 30. Bb5 Kd7 31. Bxc6+ Kxc6 32. Kg3 g5 33. h4 h6
34. hxg5 hxg5 35. Kh3 f4 36. exf4 gxf4 37. Kh4 Nd7 38. Kg4 Nxb6 39. Kxf4 Nc4
40. g4 b5 41. g5 Nd6 42. g6 Ne8 43. Kg5 Kb6 44. Kh6 Ka5 45. g7 Nxg7 46. Kxg7
Ka4 47. Rb1 b4 48. f4 b3 49. f5 Ka3 50. f6 Ka2 51. Rh1 b2 52. f7 b1=Q 53. Rxb1
Kxb1 54. f8=Q Kc2 55. Qf3 Kd2 56. Kf6 Kc2 57. Qe3 Kb2 58. Qd3 Kc1 59. Qe2 1-0

[Event "Landsturneringen NM i sjakk 2013"]
[Site "Radisson Blu Lillehammer Hotel"]
[Date "2013.06.29"]
[Round "6"]
[White "Voldemars, Rafail"]
[Black "Zandi, Sigve Saman"]
[Result "0-1"]
[WhiteElo "852"]
[BlackElo "807"]
[PlyCount "72"]
[EventDate "2013.??.??"]

1. d4 d5 2. c4 e6 3. Nc3 Nf6 4. Bg5 Nbd7 5. e3 c6 6. Nf3 Qa5 7. Rc1 Bb4 8. Qb3
O-O 9. Bd3 Ne4 10. cxd5 cxd5 11. O-O h6 12. Bh4 g5 13. Bg3 g4 14. Nxe4 dxe4 15.
Bb1 exf3 16. Qc2 f5 17. gxf3 gxf3 18. e4 fxe4 19. Qxe4 Qf5 20. Qe3 Qf6 21. Qe4
Qf5 22. Qxf5 exf5 23. Bf4 h5 24. a3 Ba5 25. Ba2+ Kh7 26. Kh1 Nf6 27. Rce1 Bxe1
28. Rxe1 Re8 29. Rg1 Ng4 30. h3 Nxf2+ 31. Kh2 Nd3 32. Bf7 Re2+ 33. Kh1 Nxf4 34.
h4 f2 35. Kh2 f1=Q+ 36. Kg3 Qf2# 0-1

[Event "Landsturneringen NM i sjakk 2013"]
[Site "Radisson Blu Lillehammer Hotel"]
[Date "2013.06.29"]
[Round "6"]
[White "Ruud, Tobias Frisvold"]
[Black "Jacobsen, Jerlow Lytomt"]
[Result "1-0"]
[WhiteElo "941"]
[BlackElo "700"]
[PlyCount "103"]
[EventDate "2013.??.??"]

1. e4 e5 2. Nf3 Nc6 3. Bb5 d6 4. Nc3 a6 5. Bc4 Nf6 6. d3 g6 7. Ng5 Bg7 8. Nxf7
Qe7 9. Nxh8 Bxh8 10. Bg5 Be6 11. Nd5 Qf7 12. Nxf6+ Bxf6 13. Bxe6 Qxe6 14. Bxf6
Qxf6 15. Qd2 O-O-O 16. O-O-O Qe6 17. b3 Nd4 18. c3 Nb5 19. Rhf1 Na3 20. Qb2 Nb5
21. f4 exf4 22. Rxf4 Qe7 23. Rdf1 Qe5 24. d4 Qg5 25. a4 Na7 26. Qe2 Re8 27.
Qg4+ Qxg4 28. Rxg4 h5 29. Rxg6 Rxe4 30. Rg7 Nc6 31. Rg8+ Nd8 32. Rff8 c6 33.
Rxd8+ Kc7 34. Rde8 Rxe8 35. Rxe8 b5 36. axb5 axb5 37. Kc2 c5 38. dxc5 dxc5 39.
Re6 Kd7 40. Rh6 c4 41. b4 Ke7 42. Kd2 Kf8 43. Rh7 Kg8 44. Ra7 Kf8 45. Ke3 Ke8
46. Kf4 Kf8 47. Ke5 Ke8 48. g3 Kf8 49. Ke6 Kg8 50. Kf6 Kh8 51. Kg6 h4 52. Ra8#
1-0

[Event "Landsturneringen NM i sjakk 2013"]
[Site "Radisson Blu Lillehammer Hotel"]
[Date "2013.06.29"]
[Round "6"]
[White "Merzliakov, Vladimir"]
[Black "Jarve, Edvin"]
[Result "0-1"]
[WhiteElo "668"]
[BlackElo "1443"]
[PlyCount "70"]
[EventDate "2013.??.??"]

1. d4 Nf6 2. Nc3 g6 3. e4 d6 4. Bg5 Bg7 5. Bc4 O-O 6. Nf3 Nc6 7. h3 Na5 8. Bb3
Nxb3 9. axb3 Re8 10. O-O b6 11. b4 Bb7 12. Re1 a6 13. Qd2 e5 14. Rad1 exd4 15.
Qxd4 Nd7 16. Qd2 Bf6 17. Re2 Ne5 18. Nxe5 Bxg5 19. f4 Rxe5 20. fxg5 Qxg5 21.
Qe1 Rae8 22. Rd3 Qe7 23. Rde3 f5 24. Nd1 Rxe4 25. Qg3 Rxe3 26. Rxe3 Qf7 27. Rc3
Qe7 28. Re3 Qd7 29. Ra3 Re2 30. Qb3+ Qf7 31. Qc3 Rxg2+ 32. Kf1 Qd5 33. Nf2 Rg1+
34. Ke2 Qe6+ 35. Kd3 Rg3+ 0-1

[Event "Landsturneringen NM i sjakk 2013"]
[Site "Radisson Blu Lillehammer Hotel"]
[Date "2013.06.29"]
[Round "7"]
[White "Østby, Martin Bergsjø"]
[Black "Dahl, Trygve"]
[Result "1-0"]
[WhiteElo "1780"]
[BlackElo "1722"]
[PlyCount "153"]
[EventDate "2013.??.??"]

1. e4 Nf6 2. e5 Nd5 3. d4 d6 4. Nf3 Nb6 5. c4 g6 6. Nc3 Bg7 7. exd6 cxd6 8. Be3
Nc6 9. h3 O-O 10. Be2 Bf5 11. O-O d5 12. c5 Nc8 13. Nh4 Bd7 14. Nf3 e6 15. Qd2
N8e7 16. Nb5 Nf5 17. Bd3 Nce7 18. g4 Bxb5 19. Bxb5 Nxe3 20. Qxe3 Nc6 21. Bxc6
bxc6 22. Ne5 Qc7 23. f4 Rab8 24. b3 Rbe8 25. g5 Rc8 26. b4 Rb8 27. Rab1 Rb7 28.
Rb3 Rfb8 29. Rfb1 Bxe5 30. fxe5 Qd7 31. a4 Kg7 32. Qc1 Qe8 33. h4 Qd7 34. Qf1
Qe8 35. Qd3 Qd7 36. b5 Qc7 37. bxc6 Rxb3 38. Rxb3 Rxb3 39. Qxb3 Qa5 40. Qf3 Qc7
41. Qc3 Qxc6 42. Qb4 h6 43. Kf2 hxg5 44. hxg5 Qc8 45. Qc3 Qc6 46. Qc2 Kf8 47.
Ke3 Ke7 48. Qb3 Kd7 49. Qb5 Kc7 50. Kd3 a6 51. Qb4 Qb7 52. Kc3 Qa7 53. a5 Qb7
54. Qb6+ Kc8 55. c6 Qb8 56. Qxa6+ Kc7 57. Qb7+ Qxb7 58. cxb7 Kxb7 59. Kb4 Ka6
60. Ka4 Ka7 61. Kb5 Kb7 62. a6+ Ka7 63. Ka5 Ka8 64. Kb6 Kb8 65. a7+ Ka8 66. Kc7
Kxa7 67. Kd7 Ka6 68. Ke7 Kb5 69. Kxf7 Kc4 70. Kxe6 Kxd4 71. Kf6 Kc3 72. e6 d4
73. e7 d3 74. e8=Q d2 75. Qa4 Kb2 76. Qd1 Kc3 77. Kxg6
1-0

[Event "Landsturneringen NM i sjakk 2013"]
[Site "Radisson Blu Lillehammer Hotel"]
[Date "2013.06.29"]
[Round "7"]
[White "Greibrokk, Ingrid Andrea"]
[Black "Risting, Eivind Olav"]
[Result "0-1"]
[WhiteElo "1419"]
[BlackElo "1570"]
[PlyCount "62"]
[EventDate "2013.??.??"]

1. e4 c5 2. Nf3 Nc6 3. d4 cxd4 4. Nxd4 Nf6 5. Nc3 e5 6. Nf3 Bb4 7. Bd2 O-O 8.
Bd3 d6 9. h3 Be6 10. O-O Nd7 11. Ng5 Nc5 12. Nxe6 fxe6 13. Qg4 Qd7 14. Bc4 Bxc3
15. bxc3 Rf6 16. h4 Rg6 17. Qe2 Rf8 18. h5 Rgf6 19. Bg5 R6f7 20. h6 g6 21. Qg4
Na5 22. Bb3 Naxb3 23. cxb3 Qc6 24. f3 d5 25. Rfe1 Nd3 26. Re3 Nf4 27. g3 d4 28.
cxd4 exd4 29. Ree1 Nd3 30. Red1 Ne5 31. Rac1 Qb6
0-1

[Event "Landsturneringen NM i sjakk 2013"]
[Site "Radisson Blu Lillehammer Hotel"]
[Date "2013.06.29"]
[Round "7"]
[White "Tryggestad, Andreas G"]
[Black "Bråtveit, Kristoffer"]
[Result "1/2-1/2"]
[WhiteElo "1611"]
[BlackElo "1482"]
[PlyCount "69"]
[EventDate "2013.??.??"]

1. e4 Nf6 2. e5 Nd5 3. c4 Nb6 4. c5 Nd5 5. Nc3 e6 6. Nxd5 exd5 7. d4 d6 8. cxd6
cxd6 9. Nf3 Nc6 10. Be2 Bg4 11. O-O Be7 12. Be3 O-O 13. Qb3 dxe5 14. Qxb7 exd4
15. Nxd4 Nxd4 16. Bxd4 Bxe2 17. Rfe1 Bd6 18. Rxe2 Bxh2+ 19. Kxh2 Qh4+ 20. Kg1
Qxd4 21. Rae1 g6 22. Re7 Rab8 23. Qxa7 Qxa7 24. Rxa7 Rxb2 25. Ree7 d4 26. Red7
Rd2 27. g3 g5 28. Ra4 d3 29. Ra3 Rd1+ 30. Kg2 d2 31. Rad3 Ra8 32. Rxd2 Rxd2 33.
Rxd2 Ra3 34. Kf1 h5 35. Kg2 1/2-1/2

[Event "Landsturneringen NM i sjakk 2013"]
[Site "Radisson Blu Lillehammer Hotel"]
[Date "2013.06.29"]
[Round "7"]
[White "Næss, Sara"]
[Black "Zandi, Sigve Saman"]
[Result "1-0"]
[WhiteElo "1371"]
[BlackElo "807"]
[PlyCount "77"]
[EventDate "2013.??.??"]

1. e4 e5 2. Bc4 Nf6 3. d3 h6 4. Nc3 Bc5 5. f4 Nc6 6. Nf3 d6 7. Na4 Bb6 8. Nxb6
axb6 9. c3 O-O 10. Bb3 Re8 11. O-O Be6 12. Bxe6 fxe6 13. fxe5 Nxe5 14. Nxe5
dxe5 15. Qf3 Rf8 16. Qg3 Kh7 17. Rf3 Qd6 18. Qh4 Qe7 19. Rh3 Ng8 20. Qxe7 Nxe7
21. Be3 c5 22. Rf3 Rxf3 23. gxf3 g5 24. b4 Rc8 25. bxc5 bxc5 26. Rb1 Rc7 27.
Bxc5 Rxc5 28. Rxb7 Rxc3 29. Rxe7+ Kh8 30. Rxe6 Rxd3 31. Rxh6+ Kg7 32. Re6 Rxf3
33. Rxe5 Kf6 34. Rf5+ Rxf5 35. exf5 Kxf5 36. Kg2 Ke4 37. Kg3 Kd3 38. Kg4 Kc2
39. a4
1-0

[Event "Landsturneringen NM i sjakk 2013"]
[Site "Radisson Blu Lillehammer Hotel"]
[Date "2013.06.29"]
[Round "8"]
[White "Machlik, Endre"]
[Black "Østby, Martin Bergsjø"]
[Result "0-1"]
[WhiteElo "1560"]
[BlackElo "1780"]
[PlyCount "74"]
[EventDate "2013.??.??"]

1. d4 d5 2. c4 e6 3. Nc3 Nf6 4. Bg5 Nbd7 5. e3 c6 6. Nf3 Qa5 7. Bd3 Ne4 8. Bxe4
dxe4 9. Nd2 Qxg5 10. Ndxe4 Qxg2 11. Ng3 Bd6 12. Nce4 Bb4+ 13. Ke2 Qh3 14. a3
Be7 15. f3 O-O 16. Qd2 b6 17. Nf2 Qh6 18. Ng4 Qg6 19. e4 f5 20. exf5 exf5 21.
Nf2 Ba6 22. b3 b5 23. c5 Rfd8 24. b4 Bh4 25. Rhg1 Ne5 26. Qc3 Nc4 27. Rae1 Re8+
28. Kd3 Rxe1 29. Qxe1 Re8 30. Qc1 Re3+ 31. Qxe3 Nxe3 32. Kxe3 f4+ 33. Kxf4 Bg5+
34. Ke5 Qf6+ 35. Ke4 Qf4+ 36. Kd3 Qe3+ 37. Kc2 Qxf2+ 0-1

[Event "Landsturneringen NM i sjakk 2013"]
[Site "Radisson Blu Lillehammer Hotel"]
[Date "2013.06.29"]
[Round "8"]
[White "Risting, Eivind Olav"]
[Black "Berntsen-Øybø, August"]
[Result "1-0"]
[WhiteElo "1570"]
[BlackElo "1303"]
[PlyCount "67"]
[EventDate "2013.??.??"]

1. e4 c5 2. Nf3 Nc6 3. Bb5 g6 4. O-O Bg7 5. Re1 d6 6. c3 Bd7 7. d4 cxd4 8. cxd4
Qb6 9. Bxc6 Bxc6 10. Nc3 Nf6 11. Qe2 O-O 12. h3 Ne8 13. Be3 Qd8 14. d5 Bd7 15.
Rac1 b6 16. Nd4 Rc8 17. Rc2 e6 18. Rec1 Nc7 19. Qd2 Re8 20. Bg5 Bf6 21. Bxf6
Qxf6 22. dxe6 Nxe6 23. Nxe6 Qxe6 24. Nd5 Rxc2 25. Rxc2 Rc8 26. Rxc8+ Bxc8 27.
Qc3 Bb7 28. Nf6+ Kg7 29. Nh5+ Kh6 30. Ng3 Qe5 31. Qc7 Bxe4 32. Qxf7 Bd5 33.
Qf8+ Qg7 34. Qf4+ 1-0

[Event "Landsturneringen NM i sjakk 2013"]
[Site "Radisson Blu Lillehammer Hotel"]
[Date "2013.06.29"]
[Round "8"]
[White "Huse, Sigurd Kjelsbøl"]
[Black "Nordquelle, Daniel"]
[Result "1/2-1/2"]
[WhiteElo "1127"]
[BlackElo "1121"]
[PlyCount "47"]
[EventDate "2013.??.??"]

1. e4 c5 2. Nf3 e6 3. Nc3 Nc6 4. Bb5 a6 5. Bxc6 bxc6 6. d3 d5 7. O-O Nf6 8. Bg5
Be7 9. Re1 O-O 10. Qd2 Re8 11. Rad1 Rb8 12. Rb1 a5 13. Bf4 Ra8 14. a3 Ba6 15.
Ne5 Qc8 16. Na4 Qb7 17. exd5 cxd5 18. c4 d4 19. Qe2 Qb3 20. Qd1 Qb7 21. Qf3 Qb3
22. Qd1 Qb7 23. Qf3 Qb3 24. Qd1 1/2-1/2

[Event "Landsturneringen NM i sjakk 2013"]
[Site "Radisson Blu Lillehammer Hotel"]
[Date "2013.06.29"]
[Round "8"]
[White "Sundsbø, Sigve"]
[Black "Jarve, Edvin"]
[Result "1-0"]
[WhiteElo "1501"]
[BlackElo "1443"]
[PlyCount "29"]
[EventDate "2013.??.??"]

1. d4 Nf6 2. c4 g6 3. Nc3 Bg7 4. e4 d6 5. f3 O-O 6. Be3 Nbd7 7. Bd3 c6 8. Nge2
Qc7 9. Qd2 e5 10. d5 cxd5 11. cxd5 Nb6 12. Nb5 Qd8 13. Rc1 Ne8 14. Qb4 a5 15.
Qb3 1-0

[Event "Landsturneringen NM i sjakk 2013"]
[Site "Radisson Blu Lillehammer Hotel"]
[Date "2013.06.29"]
[Round "8"]
[White "Bruaset, Eivind"]
[Black "Voldemars, Rafail"]
[Result "1-0"]
[WhiteElo "1266"]
[BlackElo "852"]
[PlyCount "65"]
[EventDate "2013.??.??"]

1. e4 e6 2. d4 d5 3. exd5 exd5 4. c4 c6 5. Nc3 Bb4 6. a3 Bxc3+ 7. bxc3 Bf5 8.
Qb3 Qc7 9. Nf3 Nf6 10. Be3 O-O 11. Nh4 Be4 12. f3 Bg6 13. Nxg6 fxg6 14. O-O-O
Kh8 15. g4 Ng8 16. f4 Nd7 17. g5 Rab8 18. h4 Ne7 19. Bd3 Nf5 20. Bxf5 gxf5 21.
h5 h6 22. Rdg1 Rg8 23. Qc2 Rbe8 24. Kd2 Re4 25. Qb1 b6 26. gxh6 gxh6 27. Rxg8+
Kxg8 28. Qg1+ Kh8 29. Qg6 Nf8 30. Qxf5 Qe7 31. Rh3 dxc4 32. Rg3 Qe6 33. Qxf8+
1-0

[Event "Landsturneringen NM i sjakk 2013"]
[Site "Radisson Blu Lillehammer Hotel"]
[Date "2013.06.29"]
[Round "8"]
[White "Zandi, Sigve Saman"]
[Black "Skaslien, Maria"]
[Result "0-1"]
[WhiteElo "807"]
[BlackElo "883"]
[PlyCount "98"]
[EventDate "2013.??.??"]

1. e4 e5 2. Nf3 Nc6 3. Bc4 Bc5 4. Nc3 d6 5. h3 Be6 6. Bb3 Nf6 7. d3 h6 8. Be3
Bb6 9. O-O O-O 10. Bxb6 axb6 11. Re1 Nh7 12. Ne2 Qf6 13. Ng3 Bd7 14. c3 Ng5 15.
Bd5 Nxf3+ 16. Qxf3 Qxf3 17. gxf3 Bxh3 18. Ne2 Kh8 19. f4 f6 20. f5 Ne7 21. Bxb7
Ra7 22. Kh2 Bg4 23. Bd5 Nxd5 24. exd5 Bxf5 25. d4 Bd7 26. a3 e4 27. Nf4 Re8 28.
Re3 f5 29. Rae1 Ra5 30. f3 g5 31. Nh3 Rxd5 32. fxe4 f4 33. exd5 fxe3 34. Ng1 h5
35. Nf3 g4 36. Nh4 e2 37. Kg2 Kg7 38. Kf2 Kf6 39. Rxe2 Rxe2+ 40. Kxe2 Kg5 41.
Ng2 h4 42. Kf2 h3 43. Kg3 hxg2 44. Kxg2 Bf5 45. Kg3 Bd3 46. b3 Bc2 47. b4 Bb3
48. b5 Bxd5 49. a4 Bb3 0-1

[Event "Landsturneringen NM i sjakk 2013"]
[Site "Radisson Blu Lillehammer Hotel"]
[Date "2013.06.29"]
[Round "8"]
[White "Merzliakov, Vladimir"]
[Black "Kawany, Jinwar Amir"]
[Result "0-1"]
[WhiteElo "668"]
[BlackElo "681"]
[PlyCount "60"]
[EventDate "2013.??.??"]

1. e4 f5 2. Nc3 fxe4 3. Nxe4 e5 4. Qh5+ g6 5. Qxe5+ Qe7 6. Nf6+ Nxf6 7. Qxe7+
Bxe7 8. Bc4 d5 9. Bb3 Nc6 10. Nf3 Bg4 11. Ng5 h6 12. Ne6 Bxe6 13. O-O O-O-O 14.
Re1 Bf7 15. d3 Bc5 16. c3 Rhe8 17. Rd1 Re7 18. Bxh6 d4 19. Bxf7 Rxf7 20. Bg5
Re8 21. b4 Be7 22. Re1 dxc3 23. Rac1 Nd5 24. a3 Kd7 25. Bh6 Bxb4 26. axb4 Ncxb4
27. Rxe8 Kxe8 28. Re1+ Re7 29. Rb1 c2 30. Rb3 Re1# 0-1

[Event "Landsturneringen NM i sjakk 2013"]
[Site "Radisson Blu Lillehammer Hotel"]
[Date "2013.06.29"]
[Round "8"]
[White "Lorem, Helene"]
[Black "Haukenes, Jonas"]
[Result "1-0"]
[WhiteElo "956"]
[BlackElo "804"]
[PlyCount "69"]
[EventDate "2013.??.??"]

1. d4 d6 2. c4 Nf6 3. Nc3 g6 4. e4 Nbd7 5. Bd3 Bg7 6. Bg5 O-O 7. f4 c6 8. Nf3
Qc7 9. e5 dxe5 10. fxe5 Ng4 11. h3 Ne3 12. Qe2 Nxg2+ 13. Qxg2 e6 14. Ne4 c5 15.
Be7 Re8 16. Bxc5 Qa5+ 17. Qd2 Qa6 18. Qb4 b6 19. Bd6 Bf8 20. Bxf8 Rxf8 21. Qb5
Qb7 22. h4 h5 23. Nfg5 a6 24. Qb3 Qc6 25. O-O-O f6 26. exf6 Nxf6 27. Nxf6+ Rxf6
28. Rhg1 Rf4 29. Ne4 Rxe4 30. Rxg6+ Kf7 31. Bxe4 Qxe4 32. Rgg1 Qxh4 33. Rdf1+
Ke7 34. Rg7+ Kd6 35. Qxb6# 1-0

[Event "Landsturneringen NM i sjakk 2013"]
[Site "Radisson Blu Lillehammer Hotel"]
[Date "2013.06.29"]
[Round "8"]
[White "Kristoffersen, Henrik"]
[Black "Forså, Regine"]
[Result "0-1"]
[WhiteElo "652"]
[BlackElo "1183"]
[PlyCount "62"]
[EventDate "2013.??.??"]

1. e4 c5 2. Nc3 e6 3. Nf3 a6 4. d4 cxd4 5. Nxd4 b5 6. Bd3 Bc5 7. Nf3 Bb7 8. O-O
Qc7 9. g3 Bc6 10. Qe1 Qb7 11. Ne5 Nf6 12. Nxc6 Nxc6 13. Bg5 Ne5 14. Qe2 Nxd3
15. Qxd3 Ng4 16. Be3 Ne5 17. Qe2 Bxe3 18. Qxe3 h5 19. Qg5 Nf3+ 20. Kg2 Nxg5 21.
Rad1 Nxe4 22. Nxe4 Qxe4+ 23. Kg1 h4 24. Rde1 Qg4 25. f3 Qd4+ 26. Rf2 hxg3 27.
hxg3 Rh1+ 28. Kxh1 Qxf2 29. Rg1 Ke7 30. Rg2 Rh8+ 31. Rh2 Rxh2# 0-1

[Event "Landsturneringen NM i sjakk 2013"]
[Site "Radisson Blu Lillehammer Hotel"]
[Date "2013.06.29"]
[Round "9"]
[White "Risting, Eivind Olav"]
[Black "Dahl, Trygve"]
[Result "1/2-1/2"]
[WhiteElo "1570"]
[BlackElo "1722"]
[PlyCount "50"]
[EventDate "2013.??.??"]

1. Nf3 e6 2. d4 f5 3. g3 Nf6 4. Bg2 c6 5. c4 d5 6. O-O Bd6 7. b3 Qe7 8. a4 a5
9. Ba3 Bxa3 10. Nxa3 b6 11. Nc2 Ba6 12. Ne5 Nfd7 13. Nxd7 Nxd7 14. cxd5 exd5
15. Re1 O-O 16. Qd2 Nf6 17. f3 Rac8 18. Rac1 Nh5 19. e3 Nf6 20. Bf1 Bxf1 21.
Kxf1 Nh5 22. b4 Qd6 23. bxa5 bxa5 24. Qxa5 f4 25. exf4 Ra8 1/2-1/2